| 000 | 00537nam a2200181 i 4500 | ||
|---|---|---|---|
| 001 | 20190 | ||
| 003 | ES-MaACL | ||
| 005 | 20230906152243.0 | ||
| 007 | t| | ||
| 008 | 021108s1975 sp f |||| | spa d | ||
| 100 | 1 |
_aAguado Sánchez, Francisco. _918627 |
|
| 245 | 1 | 3 |
_aEl maquis en España _b: su historia / _cFrancisco Aguado Sánchez. |
| 250 | _a1ª ed. | ||
| 260 |
_aMadrid : _bSan Martín, _c[1975] |
||
| 300 |
_a717, 24 p. de lám. ; _c22 cm. |
||
| 650 | 4 |
_aGuerrillas- _zEspaña- _y1939-1975. _9143365 |
|
| 852 |
_aES-MaACL _jE-9020 |
||
| 999 |
_c20190 _d20190 |
||